Historia de la creación del cielo y de la tierra (Record no. 10471)

MARC details
000 -CABECERA
campo de control de longitud fija 01444nam a2200277 a 4500
001 - NÚMERO DE CONTROL
campo de control BRL_1662
005 - FECHA Y HORA DE LA ÚLTIMA TRANSACCIÓN
campo de control 20190320211319.0
008 - DATOS DE LONGITUD FIJA--INFORMACIÓN GENERAL
campo de control de longitud fija 220414s19uu----mx-#######---#000-0#spa-#
041 ## - CÓDIGO DE LENGUA
Código de lengua del texto/banda sonora o título independiente spa
044 ## - CÓDIGO DEL PAÍS DE LA ENTIDAD EDITORA/PRODUCTORA
Código MARC del país mx
050 #4 - SIGNATURA TOPOGRÁFICA DE LA BIBLIOTECA DEL CONGRESO
Número de clasificación F1219.3.R38
Número de documento/Ítem .073 1900
100 1# - ENTRADA PRINCIPAL--NOMBRE DE PERSONA
Nombre de persona Ordoñez y Aguiar, Ramón de
9 (RLIN) 27565
245 10 - MENCIÓN DE TÍTULO
Título Historia de la creación del cielo y de la tierra
Resto del título conforme al sistema de la gentilidad americana, theología de los culebras figurada en ingeniosos gerogliphicos, symbolos, emblemas y metaphoras, diluvio universal, dispersión de las gentes, verdadero origen de los indios: su salida de Chaldea: su transmigración á estas partes septentrionales: su transito por el Oceano, y derrota que siguieron, hasta llegar al seno mexicano. Principio de su imperio, fundación, y destrucción ...Ciudad de Palenque ...Supersticioso culto, con que los antiguos Palencanos adoraron al verdadero Dios...
Mención de responsabilidad, etc. Por don Ramón de Ortoñez y Aguiar.
260 ## - PUBLICACIÓN, DISTRIBUCIÓN, ETC.
Lugar de publicación, distribución, etc. México, D.F.
Nombre del editor, distribuidor, etc. [s. n.]
Fecha de publicación, distribución, etc. [1900]
300 ## - DESCRIPCIÓN FÍSICA
Extensión viii, 120 p.
Dimensiones 24 cm.
500 ## - NOTA GENERAL
Nota general Au1895
500 ## - NOTA GENERAL
Nota general En cubierta: (Obra trunca)
650 14 - PUNTO DE ACCESO ADICIONAL DE MATERIA--TÉRMINO DE MATERIA
Término de materia o nombre geográfico como elemento de entrada Origen del indígena americano
9 (RLIN) 25202
650 14 - PUNTO DE ACCESO ADICIONAL DE MATERIA--TÉRMINO DE MATERIA
Término de materia o nombre geográfico como elemento de entrada Indígenas de América Central
Subdivisión general Religión
9 (RLIN) 27566
650 14 - PUNTO DE ACCESO ADICIONAL DE MATERIA--TÉRMINO DE MATERIA
Término de materia o nombre geográfico como elemento de entrada Mitología indígena
Subdivisión geográfica América Central
9 (RLIN) 27567
650 14 - PUNTO DE ACCESO ADICIONAL DE MATERIA--TÉRMINO DE MATERIA
Término de materia o nombre geográfico como elemento de entrada Culto a las serpientes
9 (RLIN) 27568
651 #4 - PUNTO DE ACCESO ADICIONAL DE MATERIA--NOMBRE GEOGRÁFICO
Nombre geográfico Palenque (México)
9 (RLIN) 27569
651 #4 - PUNTO DE ACCESO ADICIONAL DE MATERIA--NOMBRE GEOGRÁFICO
Nombre geográfico Guatemala
Subdivisión general Antigüedades
9 (RLIN) 27570
902 ## - CATALOGADOR
Iniciales GRL
942 ## - ELEMENTOS DE PUNTO DE ACCESO ADICIONAL (KOHA)
Fuente del sistema de clasificación o colocación Library of Congress Classification
Tipo de ítem Koha Libros
Holdings
Estado de retiro Estado de pérdida Estado dañado No para préstamo Localización permanente Ubicación/localización actual Fecha de adquisición Número de inventario Total de préstamos Signatura topográfica completa Código de barras Fecha visto por última vez Precio válido a partir de Tipo de ítem Koha
El ejemplar forma parte de la colección y puede ser consultado según las políticas vigentes.       Biblioteca Centro de Estudios Ruth D. Lechuga Biblioteca Centro de Estudios Ruth D. Lechuga 22/04/2014 Au1895   F1219.3.R38 .073 1900 (Au1895) GRL01832 22/03/2019 22/03/2019 Libros